000 00283nam a2200109Ia 4500
008 200302s9999 xx 000 0 und d
100 _aMel Byars
245 _aNew chairs Innovations in Design Technology and Materials
260 _bChronicle Books
260 _c2006
300 _a160 P.,
999 _c4039
_d4039